Bác sĩ máy vi tính : Hướng dẫn lắp ráp, sửa chữa, và xử lý sự cố chuyên nghiệp (toàn tập)
שמור ב:
| מחבר ראשי: | |
|---|---|
| פורמט: | ספר |
| שפה: | Undetermined |
| יצא לאור: |
Hà Nội
Thanh niên
2007
|
| נושאים: | |
| תגים: |
הוספת תג
אין תגיות, היה/י הראשונ/ה לתייג את הרשומה!
|
| Thư viện lưu trữ: | Trung tâm Học liệu Trường Đại học Cần Thơ |
|---|
| LEADER | 00655nam a2200205Ia 4500 | ||
|---|---|---|---|
| 001 | CTU_129393 | ||
| 008 | 210402s9999 xx 000 0 und d | ||
| 020 | |c 79000 | ||
| 082 | |a 621.39 | ||
| 082 | |b H407 | ||
| 100 | |a Hoàng Sơn | ||
| 245 | 0 | |a Bác sĩ máy vi tính : | |
| 245 | 0 | |b Hướng dẫn lắp ráp, sửa chữa, và xử lý sự cố chuyên nghiệp (toàn tập) | |
| 260 | |a Hà Nội | ||
| 260 | |b Thanh niên | ||
| 260 | |c 2007 | ||
| 650 | |a Computer input-output equipment | ||
| 650 | |x Maintenance and repair | ||
| 904 | |i Tuyến | ||
| 980 | |a Trung tâm Học liệu Trường Đại học Cần Thơ | ||